[Event "EU-ch 4th"]
[Site "?"]
[Date "2003.06.03"]
[Round "5"]
[White "Sokolov Ivan"]
[Black "Volokitin Andrei"]
[Result "1/2-1/2"]
[WhiteElo "2677"]
[BlackElo "2572"]
[PlyCount "115"]
[EventDate "2003.??.??"]
[Source "www.chesslib.no"]
[SourceDate "2004.05.04"]

1. d4 Nf6 2. c4 g6 3. Nc3 Bg7 4. e4 d6 5. Bg5 h6 6. Be3 Ng4 7. Bc1 e5 8. d5 f5 9. Be2 Nf6 10. exf5 Bxf5 11. g4 Bd7 12. Qc2 e4 13. g5 hxg5 14. Bxg5 Bf5 15. Qd2 Nbd7 16. h4 Ne5 17. Nh3 Qd7 18. Nf4 Nh7 19. O-O-O Nxg5 20. hxg5 Qe7 21. Rxh8+ Bxh8 22. Nb5 a6 23. Nd4 Qxg5 24. Nfe6 Qxd2+ 25. Kxd2 Kf7 26. Rh1 Rg8 27. Rh7+ Bg7 28. Nxc7 Rh8 29. Rxh8 Bxh8 30. Nce6 Ke7 31. b4 Nd7 32. Ke3 Bxe6 33. dxe6 Bxd4+ 34. Kxd4 Nf6 35. Bf1 Ng4 36. Kxe4 Nxf2+ 37. Ke3 Ng4+ 38. Kd4 Ne5 39. Kd5 Ng4 40. Ke4 b6 41. c5 Nf6+ 42. Kd4 dxc5+ 43. bxc5 bxc5+ 44. Kxc5 a5 45. Kb5 Ne4 46. Kxa5 Nc3 47. a3 Nb1 48. a4 Nc3 49. Bh3 Kd6 50. Kb4 Nd5+ 51. Kc4 g5 52. a5 g4 53. Bxg4 Ne3+ 54. Kb5 Nxg4 55. Kb6 Ne5 56. e7 Nc4+ 57. Kb5 Kxe7 58. Kxc4 1/2-1/2

[Event "Ter Apel"]
[Site "Ter Apel"]
[Date "1995.??.??"]
[Round "3"]
[White "Sokolov, Ivan"]
[Black "Van Wely, Loek"]
[Result "1-0"]
[WhiteElo "2645"]
[BlackElo "2575"]
[PlyCount "77"]
[EventDate "1995.03.??"]
[Source "ChessBase"]

1. d4 Nf6 2. c4 g6 3. Nc3 Bg7 4. e4 d6 5. Bg5 O-O 6. Qd2 Na6 7. Bd3 e5 8. d5 Qe8 9. Nge2 Nd7 10. f3 f5 11. a3 Nac5 12. Bc2 Nb6 13. b3 a5 14. a4 f4 15. Nb5 Qd7 16. Bh4 Bf6 17. Bf2 Bd8 18. Nc1 Qg7 19. h4 Nbd7 20. Ne2 Na6 21. O-O-O Ndc5 22. Kb2 Bd7 23. Nc1 Rf6 24. Nd3 Nxd3+ 25. Bxd3 c6 26. Nc3 Nc5 27. Bc2 Bb6 28. dxc6 Bxc6 29. Qe2 Qc7 30. h5 Ne6 31. hxg6 hxg6 32. Bxb6 Qxb6 33. Qe1 Ng7 34. Rh6 Nh5 35. Qh4 Kg7 36. Qg5 Rh8 37. Rxh8 Kxh8 38. Rh1 Re6 39. Qh6+ 1-0

[Event "Bad Homburg"]
[Site "Bad Homburg"]
[Date "1997.??.??"]
[Round "8"]
[White "Alterman, Boris"]
[Black "Sutovsky, Emil"]
[Result "1-0"]
[WhiteElo "2615"]
[BlackElo "2590"]
[PlyCount "61"]
[EventDate "1997.07.26"]
[Source "ChessBase"]
[SourceDate "1997.10.13"]

1. d4 Nf6 2. c4 g6 3. Nc3 Bg7 4. e4 d6 5. Bg5 h6 6. Bh4 O-O 7. f4 c5 8. d5 Qa5 9. Qd2 e6 10. Nf3 Re8 11. dxe6 Bxe6 12. Bd3 Nc6 13. O-O Bg4 14. Rae1 Nd4 15. Kh1 Bxf3 16. gxf3 Nh5 17. f5 Kh7 18. fxg6+ fxg6 19. f4 Qc7 20. Nd5 Qf7 21. Qg2 Re6 22. f5 Re5 23. fxg6+ Qxg6 24. Qxg6+ Kxg6 25. Rg1+ Kh7 26. Ref1 Ne6 27. Rf7 Ng5 28. Bxg5 hxg5 29. Be2 Rh8 30. Bxh5 Kg8 31. Bg6 1-0

[Event "Mind Sports Games - Blitz Ind"]
[Site "Pechino CINA"]
[Date "2008.10.04"]
[Round "10"]
[White "Banikas, H."]
[Black "Korobov, A."]
[Result "1/2-1/2"]
[WhiteElo "2572"]
[BlackElo "2605"]
[PlyCount "56"]
[EventDate "2008.10.04"]
[Source "www.chesslib.no"]
[SourceDate "2004.05.04"]

1. d4 Nf6 2. c4 g6 3. Nc3 Bg7 4. e4 d6 5. Bg5 O-O 6. Qd2 Nbd7 7. Nge2 e5 8. d5 Nc5 9. Ng3 a5 10. Be2 c6 11. Rd1 Qb6 12. O-O a4 13. dxc6 bxc6 14. Qxd6 Qxb2 15. Bxf6 Bxf6 16. Qxf6 Qxc3 17. Qxc6 Ra5 18. Rd5 Bb7 19. Qf6 Bxd5 20. cxd5 Nd7 21. Qe7 Ra7 22. Bg4 Qc5 23. d6 Nb8 24. Qf6 Nd7 25. Bxd7 Rxd7 26. Nf5 gxf5 27. Qg5+ Kh8 28. Qf6+ Kg8 1/2-1/2

[Event "Bayern-ch Bank Hofmann 3rd"]
[Site "Bad Wiessee"]
[Date "1999.10.29"]
[Round "7"]
[White "Aleksandrov, Aleksej"]
[Black "David, Alberto"]
[Result "1/2-1/2"]
[WhiteElo "2619"]
[BlackElo "2544"]
[PlyCount "84"]
[EventDate "1999.10.23"]
[Source "www.chesslib.no"]
[SourceDate "2004.05.04"]

1. d4 Nf6 2. c4 g6 3. Nc3 Bg7 4. e4 d6 5. Bg5 h6 6. Be3 Ng4 7. Bc1 e5 8. dxe5 dxe5 9. Qxd8+ Kxd8 10. Nf3 Nc6 11. h3 Nf6 12. Be3 Be6 13. O-O-O+ Kc8 14. c5 Re8 15. g4 Nd7 16. b3 Bf8 17. Na4 b6 18. Ba6+ Kb8 19. Kb2 bxc5 20. Rc1 Nd4 21. Ne1 c4 22. Bxc4 Bxc4 23. Rxc4 Nb6 24. Rc1 Nxa4+ 25. bxa4 Kb7 26. Nd3 Rad8 27. Nc5+ Bxc5 28. Rxc5 g5 29. h4 f6 30. hxg5 hxg5 31. Rh7 Ne6 32. Rb5+ Ka6 33. Rd5 Kb7 34. Kc3 a6 35. Kc4 Nf4 36. Rdd7 Rxd7 37. Rxd7 Re6 38. a5 Rc6+ 39. Kb4 Kc8 40. Rd1 Kb8 41. Rd7 Kc8 42. Rd1 Kb7 1/2-1/2

[Event "France 85/470"]
[Site "?"]
[Date "2002.??.??"]
[Round "?"]
[White "Khenkin, I."]
[Black "Nataf, I.-A."]
[Result "1-0"]
[WhiteElo "2584"]
[BlackElo "2546"]
[PlyCount "127"]
[EventDate "2002.??.??"]
[Source "Chess Informant"]
[SourceDate "2002.06.01"]

1. d4 Nf6 2. c4 g6 3. Nc3 Bg7 4. e4 d6 5. Bg5 h6 6. Be3 c5 7. d5 e6 8. e5 Ng4 9. Qxg4 exd5 10. Qf3 d4 11. Ne4 dxe5 12. Bd2 Qe7 13. g4 O-O 14. O-O-O f5 15. gxf5 gxf5 16. Ng3 e4 17. Qf4 Qf7 18. Qh4 d3 19. Bxd3 exd3 20. Nh5 Bf6 21. Nxf6+ Qxf6 22. Qh5 Kh7 23. Nf3 Nc6 24. Rhg1 Bd7 25. Bc3 Nd4 26. Bxd4 cxd4 27. Rxd3 Be8 28. Qh3 Rd8 29. Rgd1 Ba4 30. b3 Bc6 31. Nxd4 Be4 32. R3d2 Rf7 33. f3 Bc6 34. Kc2 Be8 35. f4 a5 36. a4 Bc6 37. Nxc6 Rxd2+ 38. Rxd2 bxc6 39. Qc3 Qe6 40. Kb2 Qe4 41. Qxa5 Qxf4 42. Qc3 c5 43. Re2 Qd6 44. Kc2 Qc6 45. Qd3 Kg7 46. Qg3+ Qg6 47. Re6 Qg5 48. Re5 Qxg3 49. hxg3 Kf6 50. Rxc5 Kg5 51. Rc8 Rg7 52. b4 Kg4 53. b5 Kxg3 54. b6 f4 55. Rc7 Rg8 56. b7 Rb8 57. Rg7+ Kh2 58. c5 f3 59. c6 Rf8 60. c7 f2 61. b8=Q f1=Q 62. c8=Q+ Rf4 63. Qxf4+ Qxf4 64. Qc7 1-0

[Event "op-C"]
[Site "Seattle, WA USA"]
[Date "1994.??.??"]
[Round "5"]
[White "Ruddell, Craig"]
[Black "Hanson, Howard"]
[Result "1-0"]
[WhiteElo "2560"]
[BlackElo "2560"]
[PlyCount "60"]
[EventDate "1994.??.??"]
[Source "www.chesslib.no"]
[SourceDate "2004.05.04"]

1. e4 g6 2. d4 Bg7 3. c4 d6 4. Nc3 Nf6 5. Bg5 O-O 6. Bxf6 Bxf6 7. d5 e5 8. Nf3 Bg7 9. Be2 a5 10. Nd2 Qg5 11. g3 Na6 12. h4 Qe7 13. Nb3 b6 14. Qd2 Nc5 15. Nxc5 bxc5 16. Nb5 f5 17. f3 h5 18. a4 Kh7 19. Bd3 Bh6 20. Qg2 fxe4 21. fxe4 Ba6 22. Be2 Be3 23. Bf3 Bxb5 24. axb5 Bd4 25. O-O-O a4 26. Rd3 Qe8 27. Kc2 Ra6 28. Rb1 Qd8 29. Re3 Qe8 30. b4 c6 1-0

[Event "Mind Sports Games - Rapid Ind"]
[Site "Pechino CINA"]
[Date "2008.10.05"]
[Round "1"]
[White "Gonzalez Garcia, J2."]
[Black "Korobov, A."]
[Result "0-1"]
[WhiteElo "2508"]
[BlackElo "2605"]
[PlyCount "68"]
[EventDate "2008.10.05"]
[Source "www.chesslib.no"]
[SourceDate "2004.05.04"]

1. d4 Nf6 2. c4 g6 3. Nc3 Bg7 4. e4 d6 5. Bg5 O-O 6. Qd2 Nbd7 7. Bd3 e5 8. d5 Nc5 9. Bc2 a5 10. Nge2 Bd7 11. O-O Qe8 12. Rab1 Nh5 13. Ng3 Nf4 14. Bxf4 exf4 15. Qxf4 h5 16. Rfe1 Qe7 17. h3 Rae8 18. Nge2 f5 19. Qg3 g5 20. exf5 Bxf5 21. Bxf5 Rxf5 22. Rf1 Kh8 23. f4 Rg8 24. Qf3 g4 25. hxg4 hxg4 26. Qg3 Rh5 27. Kf2 Bf6 28. Rh1 Qh7 29. Rxh5 Qxh5 30. Kg1 Kg7 31. Qe3 Re8 32. Ng3 Qg6 33. Qd2 Kf7 34. Re1 Qd3 0-1

[Event "Nice op"]
[Site "Nice"]
[Date "2000.08.09"]
[Round "3"]
[White "Ibragimov, Ildar"]
[Black "Kazhgaleyev, Murtas"]
[Result "1/2-1/2"]
[WhiteElo "2575"]
[BlackElo "2526"]
[PlyCount "92"]
[EventDate "2000.08.??"]
[Source "www.chesslib.no"]
[SourceDate "2004.05.04"]

1. d4 Nf6 2. c4 g6 3. Nc3 Bg7 4. e4 d6 5. Bg5 h6 6. Be3 Ng4 7. Bc1 c5 8. d5 Bd4 9. Nh3 Nf6 10. Qd3 Na6 11. a3 Nc7 12. Ne2 e5 13. Nxd4 cxd4 14. Be2 a5 15. f4 Bxh3 16. gxh3 Na6 17. O-O Nc5 18. Qf3 Ncxe4 19. Bd1 Qb6 20. fxe5 dxe5 21. Bc2 O-O-O 22. Bxe4 Nxe4 23. Qxe4 f5 24. Qxe5 Rde8 25. Qg3 Re2 26. b4 Qf6 27. Qd3 Rhe8 28. Bxh6 R8e4 29. Bf4 g5 30. Bg3 R2e3 31. Qd1 d3 32. Ra2 f4 33. Bf2 Qg6 34. Qg4+ Kb8 35. Bxe3 fxe3 36. Rf8+ Re8 37. Qg3+ Ka8 38. Rxe8+ Qxe8 39. Kf1 Qe4 40. Qg2 Qxc4 41. Qg4 Qc1+ 42. Kg2 d2 43. Ra1 Qxa1 44. Qc8+ Ka7 45. Qc5+ Kb8 46. Qf8+ Ka7 1/2-1/2

[Event "Ikaria Open"]
[Site "Ikaria"]
[Date "1994.??.??"]
[Round "8"]
[White "Ibragimov, Ildar"]
[Black "Graf, Alexander"]
[Result "0-1"]
[WhiteElo "2525"]
[BlackElo "2575"]
[PlyCount "114"]
[EventDate "1994.??.??"]
[Source "www.chesslib.no"]
[SourceDate "2004.05.04"]

1. d4 Nf6 2. c4 g6 3. Nc3 Bg7 4. e4 d6 5. Bg5 h6 6. Bh4 c5 7. d5 Qa5 8. f3 O-O 9. Bd3 Nbd7 10. Nge2 Ne5 11. O-O a6 12. a4 e6 13. Be1 Qc7 14. Rb1 exd5 15. Nxd5 Nxd5 16. cxd5 b5 17. axb5 Qb6 18. Kh1 f5 19. Bc3 axb5 20. b4 c4 21. Bc2 f4 22. Qd2 g5 23. Bd4 Qd8 24. Nc3 Bd7 25. Bd1 Qf6 26. Qc1 Qg6 27. Qd2 Ra3 28. Be2 Rfa8 29. Nd1 g4 30. fxg4 Qxe4 31. Nc3 Qg6 32. Qxf4 Bxg4 33. Bxg4 Nxg4 34. Nxb5 Rf8 35. Qxf8+ Bxf8 36. Nxa3 Qd3 37. Nb5 c3 38. h3 c2 39. Rbc1 Ne5 40. Nc7 Qxd4 41. Rxc2 Be7 42. b5 Bd8 43. Ne6 Qd3 44. Rcc1 Be7 45. b6 Qxd5 46. Rc8+ Kh7 47. b7 Qb5 48. Rfc1 Qxb7 49. R8c7 Qa6 50. Rxe7+ Kg6 51. Rec7 Kf6 52. Nf4 Kf5 53. Nd5 Qd3 54. Ne7+ Kg5 55. Nc6 Ng6 56. Rf7 Nf4 57. Rf1 Qxf1+ 0-1

[Event "Mind Sports Games - Blitz Ind KO"]
[Site "Pechino CINA"]
[Date "2008.10.05"]
[Round "2.2"]
[White "Banikas, H."]
[Black "Paragua, M."]
[Result "0-1"]
[WhiteElo "2572"]
[BlackElo "2526"]
[PlyCount "128"]
[EventDate "2008.10.04"]
[Source "www.chesslib.no"]
[SourceDate "2004.05.04"]

1. d4 Nf6 2. c4 g6 3. Nc3 Bg7 4. e4 d6 5. Bg5 O-O 6. Qd2 c5 7. d5 e6 8. Bd3 exd5 9. exd5 Re8+ 10. Nge2 Nbd7 11. b3 a6 12. a4 Qa5 13. O-O Ng4 14. h3 Nge5 15. Bc2 f5 16. Rae1 Nf7 17. Be3 Nde5 18. f4 Nd7 19. Qd3 Nf6 20. Bd2 Qc7 21. Qf3 Bd7 22. Bd3 Rab8 23. Ng3 Qb6 24. Qd1 h5 25. Rxe8+ Rxe8 26. Re1 Rb8 27. Nf1 h4 28. Be2 Ne4 29. Nxe4 fxe4 30. Bg4 Bf5 31. Bxf5 gxf5 32. Qh5 Nh6 33. Ne3 Rf8 34. Rb1 Qd8 35. Qg6 Qf6 36. Qxf6 Bxf6 37. b4 cxb4 38. Rxb4 Rf7 39. Kf1 Bd4 40. Ke2 Rg7 41. Kf1 Rg3 42. Nc2 Bc5 43. Rxb7 e3 44. Be1 e2+ 45. Kxe2 Rxg2+ 46. Kd3 Rh2 47. Rb8+ Kf7 48. Rb7+ Ke8 49. Rb8+ Kf7 50. Rb7+ Kg6 51. Bc3 Rxh3+ 52. Kd2 Ng4 53. Rg7+ Kh6 54. Rg5 Rh2+ 55. Kc1 Rg2 56. Bg7+ Kh7 57. Bc3 Rg3 58. Bd4 Bxd4 59. Nxd4 h3 60. Nxf5 Rg1+ 61. Kd2 h2 62. Rh5+ Kg6 63. Rg5+ Kf6 64. Ne3 Nxe3 0-1

[Event "13. Papanastasio"]
[Site "13. Papanastasio"]
[Date "1995.??.??"]
[Round "?"]
[White "Skembris, Spyridon"]
[Black "Kotronias, Vasilios"]
[Result "0-1"]
[WhiteElo "2525"]
[BlackElo "2570"]
[PlyCount "77"]
[EventDate "1995.??.??"]
[Source "www.chesslib.no"]
[SourceDate "2004.05.04"]

1. d4 Nf6 2. c4 g6 3. Nc3 Bg7 4. e4 d6 5. Bg5 O-O 6. Qd2 c5 7. d5 e6 8. Bd3 exd5 9. cxd5 Re8 10. Nge2 Nbd7 11. O-O a6 12. a4 Rb8 13. a5 b5 14. axb6 Qxb6 15. Ra2 Ng4 16. Bc2 Qc7 17. h3 Nge5 18. Kh1 Rb4 19. f4 Nc4 20. Qc1 Qb6 21. Na4 Qb8 22. Nec3 Bd4 23. f5 Qc7 24. Ne2 Be5 25. Bh4 Bg7 26. Be1 Rb8 27. Ng1 Nce5 28. Bc3 Nf6 29. Bxe5 Rxe5 30. Nc3 Re8 31. Nf3 Rb4 32. fxg6 hxg6 33. Qg5 Nh5 34. Kh2 Bf6 35. Qd2 Qe7 36. g4 Be5+ 37. Nxe5 Qxe5+ 38. Kg1 Nf6 39. Qf4 0-1

[Event "X Open Anibal"]
[Site "Linares"]
[Date "2003.03.03"]
[Round "4.5"]
[White "Hoffman, Alejandro"]
[Black "Socko, Bartosz"]
[Result "1-0"]
[WhiteElo "2506"]
[BlackElo "2577"]
[PlyCount "113"]
[EventDate "2003.03.01"]
[Source "Roberto Alvarez"]
[SourceDate "2003.03.03"]

1. d4 Nf6 2. c4 g6 3. Nc3 Bg7 4. e4 d6 5. Bg5 Nbd7 6. f3 a6 7. Qd2 c5 8. d5 b5 9. cxb5 Qa5 10. Nh3 Nb6 11. Nf2 O-O 12. a4 axb5 13. Bxb5 Ba6 14. O-O Bxb5 15. axb5 Qxa1 16. Rxa1 Rxa1+ 17. Nfd1 Rfa8 18. Kf2 R8a7 19. Kg3 Nh5+ 20. Kh3 Rb7 21. Qc2 Nf6 22. Nf2 h6 23. Bc1 Ra8 24. Nfd1 Ne8 25. f4 Nd7 26. Ne3 Nc7 27. e5 Nxb5 28. Nxb5 Rxb5 29. e6 Nf6 30. exf7+ Kxf7 31. Bd2 Nh5 32. Nc4 Rab8 33. Qe4 Bf6 34. Qe6+ Kf8 35. Qe4 Rb3+ 36. g3 Kg7 37. Bc3 R3b7 38. g4 Bxc3 39. gxh5 Bd4 40. Qxg6+ Kf8 41. Qxh6+ Bg7 42. Qg6 Rb3+ 43. Kg4 Rxb2 44. Nxb2 Rxb2 45. Kg3 Rb3+ 46. Kg2 Rb2+ 47. Kh1 Ra2 48. h6 Bd4 49. h4 Ra1+ 50. Kh2 Ra2+ 51. Kh3 Ra1 52. Qe6 Rh1+ 53. Kg4 Bf6 54. Qc8+ Kf7 55. Qe6+ Kf8 56. h5 Ke8 57. h7 1-0

[Event "NED-chT 0102"]
[Site "?"]
[Date "2001.??.??"]
[Round "2"]
[White "Sokolov Ivan"]
[Black "Solleveld Maarten"]
[Result "1/2-1/2"]
[WhiteElo "2659"]
[BlackElo "2414"]
[PlyCount "58"]
[EventDate "2001.??.??"]
[Source "www.chesslib.no"]
[SourceDate "2004.05.04"]

1. d4 Nf6 2. c4 g6 3. Nc3 Bg7 4. e4 d6 5. Bg5 h6 6. Be3 Ng4 7. Bc1 c5 8. d5 Bd4 9. Nh3 e5 10. dxe6 Bxe6 11. Be2 Qh4 12. O-O Nc6 13. Nd5 O-O-O 14. Ndf4 Nge5 15. Nxe6 fxe6 16. Kh1 g5 17. f4 gxf4 18. Nxf4 Rdf8 19. Bd2 h5 20. Qe1 Qe7 21. h3 Bxb2 22. Rb1 Bd4 23. Nxh5 Rxf1+ 24. Qxf1 Nxc4 25. Bxc4 Rxh5 26. Ba6 Nd8 27. Ba5 Qf6 28. Qe2 Qh6 29. Bc4 Rxh3+ 1/2-1/2

[Event "Halkida op"]
[Site "?"]
[Date "1997.??.??"]
[Round "?"]
[White "Nikolaidis Ioannis"]
[Black "Pavlovic Milos"]
[Result "1/2-1/2"]
[WhiteElo "2565"]
[BlackElo "2505"]
[PlyCount "67"]
[EventDate "1997.??.??"]
[Source "www.chesslib.no"]
[SourceDate "2004.05.04"]

1. d4 Nf6 2. c4 g6 3. Nc3 Bg7 4. e4 d6 5. Bg5 c5 6. d5 h6 7. Be3 e6 8. h3 exd5 9. exd5 O-O 10. Bd3 Na6 11. Nf3 Nb4 12. Bb1 b5 13. a3 bxc4 14. axb4 cxb4 15. Ne2 Bb7 16. O-O Nxd5 17. Bd4 Re8 18. Bxg7 Kxg7 19. Qd2 a5 20. Ng3 c3 21. Qd4+ Qf6 22. Qxf6+ Kxf6 23. Ne4+ Ke7 24. bxc3 f5 25. cxb4 fxe4 26. Bxe4 Kf6 27. Bxd5 Bxd5 28. bxa5 Bxf3 29. gxf3 Ra6 30. Ra4 Re5 31. Rfa1 Rc5 32. Kg2 d5 33. f4 d4 34. Rxd4 1/2-1/2

[Event "Jugoslavija"]
[Site "?"]
[Date "1991.??.??"]
[Round "?"]
[White "Ermenkov, E."]
[Black "Kozul, Z."]
[Result "1-0"]
[WhiteElo "2505"]
[BlackElo "2560"]
[PlyCount "115"]
[EventDate "1991.??.??"]
[Source "ChessBase"]
[SourceDate "1991.10.01"]

1. c4 Nf6 2. Nc3 g6 3. e4 d6 4. d4 Bg7 5. Bg5 O-O 6. Qd2 Nbd7 7. Bd3 c6 8. Nge2 a6 9. a4 a5 10. O-O e5 11. d5 Nc5 12. Bc2 cxd5 13. cxd5 Qb6 14. Rab1 Bd7 15. b3 Rfc8 16. h3 Be8 17. Rfc1 Rc7 18. Be3 Rac8 19. g4 Qa6 20. f3 b5 21. Bd3 Nxd3 22. Qxd3 Rb7 23. axb5 Bxb5 24. Nxb5 Rxc1+ 25. Rxc1 Qxb5 26. Qxb5 Rxb5 27. Rc3 Ne8 28. Bd2 Kf8 29. Kf2 Bf6 30. Ke1 Bh4+ 31. Kd1 f5 32. Kc2 fxe4 33. fxe4 Ke7 34. g5 Bf2 35. Rc6 Kd7 36. Nc3 Rb6 37. Rxb6 Bxb6 38. Na4 Bd8 39. Nb2 Ng7 40. Nc4 Nh5 41. h4 h6 42. gxh6 Bxh4 43. h7 Bf6 44. Bxa5 g5 45. Bb4 g4 46. Bxd6 g3 47. Bxe5 g2 48. Bxf6 g1=Q 49. h8=Q Qf2+ 50. Nd2 Nxf6 51. Qh3+ Kd8 52. Kd3 Nd7 53. Qh8+ Ke7 54. Qg7+ Kd6 55. Nc4+ Kc7 56. Qe7 Qf1+ 57. Kc2 Qe2+ 58. Kc3 1-0

[Event "GRE-ch94"]
[Site "Glyfada"]
[Date "1995.??.??"]
[Round "4"]
[White "Nikolaidis, Ioannis"]
[Black "Kotronias, Vasilios"]
[Result "0-1"]
[WhiteElo "2495"]
[BlackElo "2570"]
[PlyCount "104"]
[EventDate "1995.06.??"]
[Source "ChessBase"]

1. d4 Nf6 2. c4 g6 3. Nc3 Bg7 4. e4 d6 5. Bg5 O-O 6. Qd2 c5 7. d5 e6 8. Bd3 exd5 9. cxd5 Nbd7 10. Nf3 a6 11. a4 Re8 12. O-O Qc7 13. h3 Rb8 14. Bh6 Bh8 15. b3 Qa5 16. Qc2 Nh5 17. Bd2 Qd8 18. g3 Ne5 19. Nxe5 Bxe5 20. Kg2 Qd7 21. Rh1 b5 22. axb5 axb5 23. Ra5 b4 24. Nd1 f5 25. Ne3 Qc7 26. Nc4 Nf6 27. f3 fxe4 28. fxe4 Nd7 29. Nxe5 Nxe5 30. Raa1 Qg7 31. Be2 g5 32. Bc1 Qg6 33. Rf1 Rb7 34. Ba6 Ra7 35. Bxc8 Rxa1 36. Bf5 Qg7 37. Qe2 Rea8 38. Qh5 Kh8 39. Bb2 R1a2 40. Rf2 Rxb2 41. Rxb2 c4 42. bxc4 Nxc4 43. Rf2 b3 44. Kh2 b2 45. e5 Rf8 46. Rf3 Rxf5 47. Rxf5 b1=Q 48. Qe8+ Qg8 49. Rf8 Qc2+ 50. Kg1 Qd1+ 51. Kh2 Qd2+ 52. Kg1 Qe1+ 0-1

[Event "Karditsa"]
[Site "?"]
[Date "1996.??.??"]
[Round "?"]
[White "Nikolaidis, I."]
[Black "Atalik, S."]
[Result "0-1"]
[WhiteElo "2530"]
[BlackElo "2535"]
[PlyCount "66"]
[EventDate "1996.??.??"]
[Source "ChessBase"]
[SourceDate "1996.02.01"]

1. d4 Nf6 2. c4 g6 3. Nc3 Bg7 4. e4 d6 5. Bg5 Nbd7 6. Nge2 O-O 7. Qd2 c5 8. d5 b5 9. cxb5 a6 10. Ng3 Qa5 11. a4 axb5 12. Bxb5 Ba6 13. O-O Rfb8 14. Ra3 Nb6 15. Qc2 Nc4 16. Rb3 h6 17. Bc1 Ne5 18. Bxa6 Rxb3 19. Qxb3 Qxa6 20. Qc2 Qd3 21. Qxd3 Nxd3 22. b3 Ng4 23. Bd2 Bd4 24. Nh1 c4 25. bxc4 Nge5 26. Ne2 Bc5 27. Ra1 Nxc4 28. Bxh6 Rb8 29. Nc1 Bd4 30. Ra2 Rb1 31. Rc2 Na3 32. Rc8+ Kh7 33. Bd2 Bc5 0-1

[Event "JUG Team Ch"]
[Site "Cetinje"]
[Date "1991.??.??"]
[Round "1"]
[White "Rajkovic, Dusan"]
[Black "Damljanovic, Branko"]
[Result "1/2-1/2"]
[WhiteElo "2495"]
[BlackElo "2560"]
[PlyCount "100"]
[EventDate "1991.??.??"]
[Source "www.chesslib.no"]
[SourceDate "2004.05.04"]

1. d4 Nf6 2. c4 g6 3. Nc3 Bg7 4. e4 d6 5. Bg5 h6 6. Be3 Ng4 7. Bc1 e5 8. d5 a5 9. f3 Nf6 10. Be3 Nfd7 11. Qd2 Na6 12. h4 h5 13. g3 Ndc5 14. Nh3 Qe7 15. Nb5 O-O 16. Qxa5 c6 17. Nc3 Bxh3 18. Rxh3 f5 19. exf5 e4 20. Bg5 Qe8 21. O-O-O exf3 22. fxg6 Qxg6 23. Qb6 Bxc3 24. bxc3 Nb4 25. Qxb4 Rxa2 26. Qb1 Qxb1+ 27. Kxb1 Rfa8 28. Rc1 Ra1+ 29. Kc2 R8a2+ 30. Kd1 Ne4 31. Rxa1 Rxa1+ 32. Bc1 Nxc3+ 33. Kc2 Na2 34. dxc6 Rxc1+ 35. Kb2 bxc6 36. Rh1 Re1 37. Kxa2 f2 38. Kb3 Kg7 39. Kc3 Kf6 40. Kd3 Kg7 41. Kd2 Kf6 42. Kc3 Ke5 43. Kd3 c5 44. Kd2 Kd4 45. g4 hxg4 46. h5 g3 47. h6 Rxf1 48. Rh4+ Ke5 49. h7 Rd1+ 50. Kc2 Rc1+ 1/2-1/2

[Event "Tch-BIH"]
[Site "Neum"]
[Date "2004.06.04"]
[Round "7"]
[White "Milanovic, Danilo"]
[Black "Kozul, Zdenko"]
[Result "0-1"]
[WhiteElo "2428"]
[BlackElo "2627"]
[PlyCount "74"]
[EventDate "2004.05.29"]
[Source "Roberto Alvarez"]
[SourceDate "2004.06.07"]

1. d4 Nf6 2. c4 g6 3. Nc3 Bg7 4. e4 d6 5. Bg5 c6 6. f3 a6 7. Qd2 b5 8. Rd1 O-O 9. b3 Qa5 10. Bd3 c5 11. d5 Nbd7 12. Nge2 Ne5 13. O-O b4 14. Nb1 Nxd3 15. Qxd3 Qxa2 16. Nd2 Qa5 17. f4 Qc7 18. h3 a5 19. Nf3 Re8 20. Ng3 Nd7 21. Rde1 a4 22. Qe2 f6 23. Bh4 axb3 24. f5 Ra2 25. Qd3 Ne5 26. Nxe5 dxe5 27. Ne2 b2 28. Bf2 gxf5 29. exf5 Bd7 30. Ng3 Rea8 31. Rb1 R8a3 32. Qe2 Qc8 33. Qg4 Kh8 34. Kh2 Bh6 35. Bg1 Qg8 36. Qxg8+ Kxg8 37. Bxc5 Bf4 0-1

[Event "JUG-chT2"]
[Site "Becici"]
[Date "1993.??.??"]
[Round "6"]
[White "Bykhovsky, Avigdor"]
[Black "Cabrilo, Goran"]
[Result "1-0"]
[WhiteElo "2520"]
[BlackElo "2530"]
[PlyCount "59"]
[EventDate "1993.??.??"]
[Source "www.chesslib.no"]
[SourceDate "2004.05.04"]

1. d4 Nf6 2. c4 g6 3. Nc3 Bg7 4. e4 d6 5. Bg5 O-O 6. Qd2 c6 7. Bd3 Nbd7 8. Nge2 a6 9. O-O b5 10. Rac1 b4 11. Nd1 a5 12. Ne3 h6 13. Bh4 e5 14. Rfd1 exd4 15. Nxd4 Qb6 16. Bb1 Nc5 17. f3 Re8 18. Bf2 a4 19. Ne2 Be6 20. Qxd6 Rad8 21. Nd5 Rxd6 22. Nxb6 Rxd1+ 23. Rxd1 Bf8 24. Nd4 Rd8 25. Bc2 Rb8 26. Nxa4 Nxa4 27. Bxa4 Bxc4 28. Nxc6 Ra8 29. b3 Be6 30. Rd8 1-0

[Event "MK Cafe Cup-A"]
[Site "Koszalin"]
[Date "1999.08.12"]
[Round "9"]
[White "Nikolaidis, Ioannis"]
[Black "Socko, Bartosz"]
[Result "1/2-1/2"]
[WhiteElo "2505"]
[BlackElo "2543"]
[PlyCount "31"]
[EventDate "1999.08.03"]
[Source "ChessBase"]
[SourceDate "1999.12.01"]

1. d4 Nf6 2. c4 g6 3. Nc3 Bg7 4. e4 d6 5. Bg5 O-O 6. Qd2 Nbd7 7. Nge2 a6 8. Ng3 c5 9. d5 b5 10. cxb5 Nb6 11. a4 axb5 12. Bxb5 Ba6 13. O-O Nfd7 14. Bxa6 Rxa6 15. b3 Re8 16. Rac1 1/2-1/2

[Event "ESP-chT"]
[Site "Barcelona"]
[Date "2000.08.07"]
[Round "3"]
[White "Sokolov, Ivan"]
[Black "Vassallo, Mauricio"]
[Result "1-0"]
[WhiteElo "2611"]
[BlackElo "2431"]
[PlyCount "59"]
[EventDate "2000.08.05"]
[Source "ChessBase"]
[SourceDate "2000.09.14"]

1. d4 Nf6 2. c4 g6 3. Nc3 Bg7 4. e4 d6 5. Bg5 O-O 6. Qd2 c6 7. Bd3 Nbd7 8. Nge2 e5 9. d5 Nc5 10. Bc2 cxd5 11. exd5 a5 12. O-O Bd7 13. h3 Qb6 14. Be3 Nh5 15. Ba4 Bc8 16. Bb5 Qd8 17. Bxc5 dxc5 18. d6 Be6 19. Ne4 Qb6 20. Rad1 f5 21. Ng5 Bh6 22. h4 Nf6 23. Nc3 Rad8 24. Qe2 Bxg5 25. hxg5 Ne4 26. Na4 Qa7 27. f3 Nxg5 28. Qxe5 Bd7 29. Bxd7 Rxd7 30. Qxc5 1-0

[Event "Saint Affrique op"]
[Site "Saint Affrique"]
[Date "1997.??.??"]
[Round "8"]
[White "Kogan, Artur"]
[Black "Degraeve, Jean Marc"]
[Result "0-1"]
[WhiteElo "2500"]
[BlackElo "2540"]
[PlyCount "77"]
[EventDate "1997.??.??"]
[Source "www.chesslib.no"]
[SourceDate "2004.05.04"]

1. d4 Nf6 2. c4 g6 3. Nc3 Bg7 4. Bg5 d6 5. e4 O-O 6. Qd2 a6 7. f4 Nbd7 8. e5 Ne8 9. exd6 Nxd6 10. Nf3 c5 11. d5 b5 12. Be2 Nb6 13. cxb5 axb5 14. Ne5 b4 15. Nb5 Bxe5 16. fxe5 Ne4 17. Qf4 Nxg5 18. Qxg5 Nxd5 19. O-O Qb6 20. Bc4 Be6 21. a4 bxa3 22. bxa3 Ne3 23. Bxe6 Nxf1 24. Bd7 Rad8 25. Qxe7 Ne3 26. e6 fxe6 27. Re1 Kh8 28. h3 Qb7 29. Rxe3 Qxd7 30. Qxc5 Rf5 31. Qc3+ Kg8 32. a4 Qd1+ 33. Re1 Qxa4 34. Qc7 Rdf8 35. Nd6 Qd4+ 36. Kh2 Qf4+ 37. Kh1 Qg3 38. Rg1 Rf1 39. Qe7 0-1

[Event "National I"]
[Site "Montpellier"]
[Date "2003.02.02"]
[Round "3"]
[White "Nikolaidis, Ioannis"]
[Black "Gallagher, Joseph G"]
[Result "1/2-1/2"]
[WhiteElo "2512"]
[BlackElo "2526"]
[PlyCount "65"]
[EventDate "2003.01.31"]
[Source "Roberto Alvarez"]
[SourceDate "2003.02.17"]

1. d4 Nf6 2. c4 g6 3. Nc3 Bg7 4. e4 d6 5. Bg5 h6 6. Be3 Ng4 7. Bc1 e5 8. d5 f5 9. Be2 Nf6 10. exf5 gxf5 11. Bh5+ Nxh5 12. Qxh5+ Kf8 13. f4 e4 14. Nge2 Qe8 15. Qh4 Na6 16. O-O Qg6 17. Be3 Rg8 18. Qf2 b6 19. Rad1 Nc5 20. Bd4 Nd3 21. Bxg7+ Rxg7 22. Rxd3 exd3 23. Nd4 a6 24. Rd1 Bd7 25. Rxd3 Re8 26. h3 Kg8 27. Kh2 Kh7 28. Rd2 Qf6 29. a4 Reg8 30. Qe1 Re8 31. Qf2 Reg8 32. Qe1 Re8 33. Qf2 1/2-1/2